Krótki quiz biologia - Statystyki

Ogólne statystyki
  • Ten quiz został rozwiązany 949 razy
  • Średni wynik to 6 z 8
Statystyki odpowiedzi
Zagadnienie Odpowiedź % Poprawnych
Który z poniższych organów jest częścią układu pokarmowego Żołądek
98%
Co stanowi materiał genetyczny komórki DNA
94%
Jak nazywa się proces w którym komórki roślinne wytwarzają własną energię Fotosynteza
85%
Które organellum jest odpowiedzialne za produkcję energii w komórce Mitochondria
81%
Jakie cząsteczki są podstawowymi jednostkami budulcowymi białek Aminokwasy
78%
Który typ komórek nie zawiera jądra komórkowego Komórki bakteryjne
75%
Które zwierzę jest przykładem kręgowca Rekin
71%
Główny składnik błony komórkowej Lipidy
50%
Nie znaleziono quizów pasujących do podanych kryteriów
Rozkład punktacji
Procent ludzi z każdym wynikiem
Percentyl według liczby udzielonych odpowiedzi
Twoja historia wyników
Nie rozwiązałeś tego quizu